Pokémon : les pokéballs - Statistiques

Statistiques générales
  • Ce quiz a été pris 68 fois
  • Le résultat moyen est 14 sur 23
Statistiques - réponses
Provenance Pokéballs % Correct
Achat en Boutique Pokéball
100%
Achat en Boutique Super ball
100%
Achat en Boutique Hyper ball
98%
Exemplaire unique Master ball
96%
Parc Safari/Parc naturel/Parc des amis Safari ball/Compét'ball/Parc ball
89%
Achat en Boutique Filet ball
86%
Achat en Boutique Rapide ball
82%
Achat en Boutique Sombre ball
80%
Offerte en Boutique Honor ball
79%
Fabriquée par Fargas Love ball
70%
Achat en Boutique Chrono ball
63%
Achat en Boutique Soin ball
57%
Fabriquée par Fargas Masse ball
55%
Achat en Boutique Scuba ball
54%
Achat en Boutique Luxe ball
46%
Achat en Boutique Faiblo ball
39%
Achat en Boutique Bis ball
38%
Fabriquée par Fargas Lune ball
38%
Fabriquée par Fargas Speed ball
38%
Fabriquée par Fargas Appât ball
27%
Fabriquée par Fargas Copain ball
27%
Fabriquée par Fargas Niveau ball
25%
Uniquement par évènement Mémoire ball
23%
Aucun quiz correspondant
Distribution des résultats
% des personnes avec chaque résultat
Percentile par nombre de réponses
Votre historique - résultats
Vous n’avez pas pris ce quiz